000 00639nam a22001697a 4500
003 UA-OsUOA
001 13994
007 ta
008 20030708b un ||||| |||| 00| 0 ukr d
942 _cSA
040 _aUA-OsUOA
_cUA-OsUOA
_dUA-OsUOA
245 _aЩоб широкі повноваження втілились в реальні справи: [VII засідання ради профспілк. орг. працівників агропром. комплексу]
300 _aС.2
955 _a0
773 0 _w0
_tЗа відродження
_dРівне
_d2003
_g№23/ 6 черв./
650 7 _aКраєзнавча робота
_2UDC
999 _c300155
_d300155